Chicago Fire/Chicago P.D. Characters - Statistics

General Stats
  • This quiz has been taken 440 times
  • The average score is 9 of 18
Answer Stats
Hint Answer % Correct
Lieutenant for Squad 3 Kelly Severide
87%
Lieutenant for Truck 81 Matthew Casey
78%
Sargeant of Intelligence Unit Hank Voight
70%
Only Female Firefighter Gabriela Dawson
69%
Female Firefighter's brother Antonio Dawson
67%
Male Detective Dating who also uses the long guns Jay Halstead
61%
Only Female Detective Erin Lindsay
58%
Driver fo Truck 81 Brian Otis
56%
Engaged Female Patrol Officer For District 21 Kim Burgess
54%
Engaged Male Detective Adam Ruzek
53%
Driver of Squad 3 Joe Cruz
51%
Black Male Detective/Officer Kevin AtWater
51%
The one that's always eating a banana Alvin Olinsky
39%
Desk Sargeant of District 21 Trudy Platt
27%
PIC on Amulance 61 Sylvie Brett
26%
Chief of Firehouse 51 Wallace Boden
24%
Ex Squad 3 Lieuenant Patterson
2%
Other Oaramedic on Ambulance 61 Chilli
1%
No matching quizzes found
Score Distribution
Percent of People with Each Score
Percentile by Number Answered
Your Score History
You have not taken this quiz